header

IBM Tivoli storage resource manager (Record no. 210719)

MARC details
000 -LEADER
fixed length control field 01480nam a2200373Ia 4500
082 04 - DEWEY DECIMAL CLASSIFICATION NUMBER
Classification number 005.74/1
245 00 - TITLE STATEMENT
Title IBM Tivoli storage resource manager
250 ## - EDITION STATEMENT
Edition statement 2nd ed.
260 ## - PUBLICATION, DISTRIBUTION, ETC. (IMPRINT)
Place of publication [S.l.] :
Name of publisher IBM, International Technical Support Organization,
Year of publication 2003.
300 ## - PHYSICAL DESCRIPTION
Number of Pages xxx, 518 p. :
Other physical details ill.
490 1# - SERIES STATEMENT
Series statement IBM redbooks
500 ## - GENERAL NOTE
General note "August 2003."
General note "SG24-6886-01."
650 #0 - SUBJECT ADDED ENTRY--TOPICAL TERM
Topical Term File organization (Computer science)
Topical Term Database security.
700 1# - ADDED ENTRY--PERSONAL NAME
Personal name Brooks, Charlotte.
856 40 - ELECTRONIC LOCATION AND ACCESS
Uniform Resource Identifier http://site.ebrary.com/lib/rucke/Doc?id=10112815

No items available.

© 2026 Rongo University
Contact us: librarian | system librarian | Rongo university